Statistics for Guess that colour

Click here to take the quiz!

General Stats

  • This quiz has been taken 22 times
  • The average score is 9 of 15

Answer Stats

Answer% Correct
Green
94%
Purple
94%
Red
88%
Orange
88%
Pink
88%
Black
88%
White
88%
Grey
88%
Yellow
82%
Sky Blue
71%
Ice Blue
12%
Brownie
12%
Galaxy
6%
Hot Pink
6%
Sunset Blue
6%

Score Distribution

Percentile by Number Answered

Percent of People with Each Score

Your Score History

You have not taken this quiz